| 000 | 00659nam a2200205Ia 4500 | ||
|---|---|---|---|
| 003 | GCL | ||
| 005 | 20240530101839.0 | ||
| 008 | 140319s9999 xx 000 0 ara d | ||
| 040 |
_aGCL / _cGCL |
||
| 082 | 0 | 4 |
_a321.8 _bن د |
| 100 | 1 | _aناجى علوش | |
| 245 | 1 | 0 |
_aالديمقراطية : المفاهيم والاشكال / _cناجى علوش |
| 260 |
_a[S.N] : _bالمؤسسة العربية للدراسات والنشر ، _c1994 |
||
| 300 | _a136 ص | ||
| 650 | 0 | 4 | _aالاحوال السياسية |
| 650 | 0 | 4 | _aالوطن العربى |
| 650 | 0 | 4 | _aالديمقراطية |
| 650 | 0 | 4 | _aالمذاهب السياسية |
| 942 |
_2ddc _cBK |
||
| 999 |
_c28167 _d28167 |
||